[Event "4NCL/Div4b/HAL vs. SCS2"]
[Site "Telford ENG"]
[Date "2005.01.16"]
[Round "4.6"]
[White "Sutton, Louise"]
[Black "Hendrickson, Jason"]
[Result "1/2-1/2"]
[WhiteElo "1450"]
[BlackElo "1705"]
[PlyCount "35"]
[EventDate "2005.01.16"]
[SourceDate "2004.09.21"]

1. d4 b6 2. e3 Bb7 3. Nf3 Nf6 4. c4 e6 5. Nc3 d5 6. cxd5 Nxd5 7. Nxd5 Qxd5 8.
Bd2 Nd7 9. b3 c5 10. Bc3 Rc8 11. Be2 Be7 12. O-O O-O 13. Rc1 Bf6 14. dxc5 Bxc3
15. Qxd5 Bxd5 16. Rxc3 Nxc5 17. Rfc1 a5 18. Nd2 1/2-1/2

[Event "4NCL/Div4b/ADD vs. MONM"]
[Site "Telford ENG"]
[Date "2005.01.16"]
[Round "4.1"]
[White "Briscoe, Christopher"]
[Black "Morris, Gareth L"]
[Result "1-0"]
[WhiteElo "2169"]
[BlackElo "2142"]
[PlyCount "71"]
[EventDate "2005.01.16"]
[SourceDate "2004.09.21"]

1. e4 c5 2. a3 e6 3. Nf3 Nc6 4. Bb5 Nge7 5. b4 d5 6. exd5 Nxd5 7. bxc5 Bxc5 8.
O-O O-O 9. d4 Be7 10. Bd3 Bf6 11. c4 Nb6 12. Bb2 g6 13. Be2 Qc7 14. Nbd2 Rd8
15. Ne4 Bg7 16. Bc3 e5 17. d5 f5 18. Ng3 e4 19. Nd4 Ne5 20. Ba5 Nexc4 21. Rc1
Qe5 22. Rxc4 Nxc4 23. Bxc4 Re8 24. Nb5 Bd7 25. Bc3 Qf4 26. d6+ Kh8 27. Ne2 Qg4
28. Nc7 Bxc3 29. Nxc3 e3 30. Qxg4 fxg4 31. Nxa8 Rxa8 32. fxe3 Rc8 33. Bb5 Rxc3
34. Bxd7 Rd3 35. Rf6 Kg7 36. Re6 1-0

[Event "4NCL/Div4b/ADD vs. MONM"]
[Site "Telford ENG"]
[Date "2005.01.16"]
[Round "4.2"]
[White "Maullin, Robert E"]
[Black "Dupré, Paul D"]
[Result "1-0"]
[WhiteElo "2090"]
[BlackElo "2057"]
[PlyCount "79"]
[EventDate "2005.01.16"]
[SourceDate "2004.09.21"]

1. e4 e6 2. d4 d5 3. Nd2 Nf6 4. e5 Nfd7 5. Bd3 c5 6. c3 Nc6 7. Ne2 Qb6 8. Nf3
cxd4 9. cxd4 f6 10. exf6 Nxf6 11. O-O Bd6 12. Bf4 Bxf4 13. Nxf4 O-O 14. Qd2 Qc7
15. g3 Bd7 16. Rac1 Rae8 17. Rfe1 Qd6 18. Ne5 a6 19. Bb1 Re7 20. a3 Be8 21. Qd3
g5 22. Ng2 Rg7 23. Qe3 Nd8 24. Re2 Bh5 25. f3 Nd7 26. g4 Be8 27. Nxd7 Bxd7 28.
Ne1 Qb6 29. Nd3 Bb5 30. Kg2 Qd6 31. Rc8 Qd7 32. Rc3 Bxd3 33. Bxd3 Qf7 34. Rb3
Qf4 35. Bb1 Kh8 36. Qxf4 Rxf4 37. Rc3 Rxd4 38. Rc8 Rg8 39. Rc7 Rf4 40. Rxh7#
1-0

[Event "4NCL/Div4b/ADD vs. MONM"]
[Site "Telford ENG"]
[Date "2005.01.16"]
[Round "4.3"]
[White "Hamilton, Robert"]
[Black "Thomas, Joseff"]
[Result "0-1"]
[WhiteElo "1970"]
[BlackElo "2040"]
[PlyCount "50"]
[EventDate "2005.01.16"]
[SourceDate "2004.09.21"]

1. e4 e5 2. Nf3 Nc6 3. Bb5 Nd4 4. Bc4 Bc5 5. Nxd4 exd4 6. Bxf7+ Kxf7 7. Qh5+ g6
8. Qxc5 Nf6 9. Qxd4 Nxe4 10. O-O Nf6 11. d3 h6 12. Bf4 d6 13. Nc3 Be6 14. Rfe1
Qd7 15. Rad1 g5 16. Bc1 c5 17. Qe3 Rhe8 18. Qd2 d5 19. f4 g4 20. Re5 Bf5 21.
Rde1 Rac8 22. Qf2 b6 23. Ne2 Nh5 24. Nc3 Nf6 25. b3 Kg6 0-1

[Event "4NCL/Div4b/ADD vs. MONM"]
[Site "Telford ENG"]
[Date "2005.01.16"]
[Round "4.4"]
[White "Waterfield, John"]
[Black "Klein, Cornelia"]
[Result "1-0"]
[WhiteElo "2045"]
[BlackElo "1945"]
[PlyCount "45"]
[EventDate "2005.01.16"]
[SourceDate "2004.09.21"]

1. e4 e5 2. f4 exf4 3. Nf3 h6 4. d4 g5 5. h4 Bg7 6. g3 d5 7. gxf4 dxe4 8. Ne5
g4 9. Bc4 Bxe5 10. fxe5 f5 11. exf6 Qxf6 12. Nc3 Bf5 13. Nd5 Qc6 14. Bb5 Kd8
15. Bxc6 Nxc6 16. Bf4 Rc8 17. Qd2 h5 18. O-O-O Rh7 19. Rhf1 Bg6 20. Bg5+ Ke8
21. Nf6+ Nxf6 22. Rxf6 Rg7 23. Qf4 1-0

[Event "4NCL/Div4b/ADD vs. MONM"]
[Site "Telford ENG"]
[Date "2005.01.16"]
[Round "4.5"]
[White "Goggin, Eamonn P"]
[Black "Beveridge, Nigel K"]
[Result "0-1"]
[WhiteElo "1870"]
[BlackElo "2014"]
[PlyCount "126"]
[EventDate "2005.01.16"]
[SourceDate "2004.09.21"]

1. c4 e5 2. Nc3 Nc6 3. Nf3 g6 4. g3 Bg7 5. Bg2 d6 6. O-O f5 7. e4 Nf6 8. d3 O-O
9. Bg5 h6 10. Bxf6 Qxf6 11. Nd5 Qf7 12. h3 Nd8 13. Kh2 c6 14. Nc3 Ne6 15. b4
Bd7 16. Qc2 Qe7 17. a4 f4 18. b5 g5 19. bxc6 bxc6 20. Rab1 Nc5 21. a5 h5 22.
Na4 Nxa4 23. Qxa4 c5 24. Qc2 Bc6 25. Rfc1 fxg3+ 26. fxg3 Bf6 27. Rf1 g4 28. Nd2
Bg5 29. Rxf8+ Rxf8 30. Rf1 Rxf1 31. Nxf1 Qf8 32. Qe2 Bd7 33. Ne3 h4 34. Nxg4
hxg3+ 35. Kg1 Qf4 36. Bf3 Bd8 37. a6 Bg5 38. Kg2 Kg7 39. Qe1 Bh4 40. Qe2 Bg5
41. Qe1 Bc8 42. Qxg3 Qxg3+ 43. Kxg3 Bf4+ 44. Kh4 Bxa6 45. Kh5 Bc8 46. h4 Bd7
47. Nf2 a5 48. Bd1 Be3 49. Nh1 Bf4 50. Bb3 a4 51. Ba2 a3 52. Nf2 Ba4 53. Kg4
Bc2 54. Kf5 Kf7 55. h5 Ba4 56. Kg4 Kf6 57. Nh3 Bd1+ 58. Kh4 Bd2 59. Nf2 Be1 60.
Kg3 Bxh5 61. Kg2 Be2 62. Bb1 Bxf2 63. Kxf2 Bxd3 0-1

[Event "4NCL/Div4b/ADD vs. MONM"]
[Site "Telford ENG"]
[Date "2005.01.16"]
[Round "4.6"]
[White "Thomas, Jac"]
[Black "Rhodes, Peter"]
[Result "1-0"]
[WhiteElo "1975"]
[BlackElo "1815"]
[PlyCount "69"]
[EventDate "2005.01.16"]
[SourceDate "2004.09.21"]

1. d4 Nf6 2. Nc3 e6 3. e4 Bb4 4. Bd3 c5 5. dxc5 Qa5 6. Nge2 b6 7. cxb6 axb6 8.
O-O Bb7 9. Nb5 O-O 10. c3 Be7 11. a4 Bxe4 12. b4 Qa6 13. Bxe4 Nxe4 14. Nc7 Qb7
15. Nxa8 Qxa8 16. Bf4 d5 17. Bxb8 Qxb8 18. Qd3 Rc8 19. f3 Nd6 20. Nd4 Bf6 21.
b5 Nc4 22. Nc6 Qd6 23. f4 e5 24. fxe5 Nxe5 25. Qf5 Rc7 26. Rae1 Nd7 27. Re8+
Nf8 28. Kh1 Rxc6 29. bxc6 Qxc6 30. Qc8 Qxc8 31. Rxc8 d4 32. cxd4 Bxd4 33. Rd1
Bc5 34. a5 g6 35. a6 1-0

[Event "4NCL/Div4b/HKF2 vs. FCA2"]
[Site "Telford ENG"]
[Date "2005.01.16"]
[Round "4.1"]
[White "Britton, Richard L"]
[Black "Majer, Chris E"]
[Result "1-0"]
[WhiteElo "2309"]
[BlackElo "2036"]
[PlyCount "79"]
[EventDate "2005.01.16"]
[SourceDate "2004.09.21"]

1. e4 d5 2. exd5 Qxd5 3. Nc3 Qe5+ 4. Be2 c6 5. d4 Qc7 6. Nf3 Bf5 7. O-O Nf6 8.
Nh4 Bg6 9. Re1 e6 10. g3 Bd6 11. Bf3 O-O 12. Nxg6 hxg6 13. Kg2 Nbd7 14. Bg5
Rfe8 15. h4 Be7 16. Qe2 Nb6 17. Rad1 Nbd5 18. Nb1 Rad8 19. c4 Nb6 20. Nc3 Kf8
21. a3 Rd7 22. Be3 Red8 23. Bf4 Qc8 24. c5 Nbd5 25. Be5 Kg8 26. Nxd5 Nxd5 27.
h5 gxh5 28. Bxh5 Bf6 29. Rh1 Bxe5 30. dxe5 Ne7 31. Rd6 Nf5 32. Qe4 Nh6 33. Be2
Qa8 34. Bd3 b6 35. b4 bxc5 36. bxc5 Kf8 37. Qh7 Ng8 38. Qh8 g6 39. Rh7 Qb8 40.
Qg7+ 1-0

[Event "4NCL/Div4b/HKF2 vs. FCA2"]
[Site "Telford ENG"]
[Date "2005.01.16"]
[Round "4.2"]
[White "Adebajo, Femi"]
[Black "Hammond, Andrew J C"]
[Result "0-1"]
[WhiteElo "2045"]
[BlackElo "2213"]
[PlyCount "52"]
[EventDate "2005.01.16"]
[SourceDate "2004.09.21"]

1. e4 c5 2. Nf3 e6 3. Nc3 Nc6 4. d4 cxd4 5. Nxd4 a6 6. Be3 Nf6 7. Be2 Qc7 8.
O-O b5 9. f4 Bb7 10. Nxc6 Qxc6 11. Bf3 Bc5 12. Qe2 Qb6 13. Rae1 d6 14. Kh1 Rc8
15. e5 Nd7 16. Bxb7 Qxb7 17. exd6 Bxe3 18. Qxe3 b4 19. Ne4 Rxc2 20. Qh3 O-O 21.
f5 exf5 22. Qxf5 Qc6 23. Rf3 h6 24. h3 Kh8 25. a3 bxa3 26. bxa3 Re8 0-1

[Event "4NCL/Div4b/HKF2 vs. FCA2"]
[Site "Telford ENG"]
[Date "2005.01.16"]
[Round "4.3"]
[White "Burrows, Martin P"]
[Black "Matthews, Adrian"]
[Result "1-0"]
[WhiteElo "2200"]
[BlackElo "1980"]
[PlyCount "135"]
[EventDate "2005.01.16"]
[SourceDate "2004.09.21"]

1. e4 c5 2. Nf3 Nc6 3. d4 cxd4 4. Nxd4 Nf6 5. Nc3 e5 6. Ndb5 d6 7. Bg5 a6 8.
Na3 b5 9. Bxf6 gxf6 10. Nd5 Bg7 11. c3 Ne7 12. Nxe7 Qxe7 13. Nc2 Bb7 14. Qg4
Bh6 15. Rd1 d5 16. exd5 Rd8 17. c4 bxc4 18. Bxc4 Rd6 19. O-O Qc7 20. b3 Bc8 21.
Qh5 f5 22. Rfe1 Bg7 23. Nb4 O-O 24. Qe2 a5 25. Nd3 Re8 26. Nb2 Bd7 27. Rc1 Qa7
28. Red1 e4 29. Kh1 f4 30. Rc2 e3 31. f3 Bf5 32. Nd3 Bxd3 33. Rxd3 Qe7 34. Qe1
Qe5 35. Re2 Ra8 36. Rd1 Qc3 37. Qxc3 Bxc3 38. g3 fxg3 39. hxg3 Bd2 40. Kg2 a4
41. f4 axb3 42. axb3 Kg7 43. g4 h6 44. Kf3 f5 45. gxf5 Kf6 46. Rh1 Rh8 47. Reh2
Ke7 48. Rg2 Rf6 49. Ra1 Rxf5 50. Ra6 Rxf4+ 51. Kxf4 e2+ 52. Kf3 e1=Q 53. Re6+
Qxe6 54. dxe6 Bg5 55. Ra2 Rd8 56. Ke4 Kf6 57. Ra7 Re8 58. Rf7+ Kg6 59. Ke5 Re7
60. Bd3+ Kh5 61. Kd6 Re8 62. b4 Rb8 63. b5 Kg4 64. e7 h5 65. Bf5+ Kg3 66. Rg7
Kf4 67. Rxg5 Kxg5 68. Bd7 1-0

[Event "4NCL/Div4b/HKF2 vs. FCA2"]
[Site "Telford ENG"]
[Date "2005.01.16"]
[Round "4.4"]
[White "Shaw, John S"]
[Black "Chipanga, Takaedza"]
[Result "0-1"]
[WhiteElo "1950"]
[BlackElo "2189"]
[PlyCount "120"]
[EventDate "2005.01.16"]
[SourceDate "2004.09.21"]

1. d4 d5 2. Nf3 Nf6 3. e3 c5 4. dxc5 Qa5+ 5. Nbd2 Nc6 6. c4 e6 7. Be2 dxc4 8.
O-O Qxc5 9. Nxc4 b5 10. Na3 a6 11. Bd2 Bb7 12. Rc1 Qb6 13. Qb3 Be7 14. Rfd1 O-O
15. Nc4 Qa7 16. Na5 Nxa5 17. Bxa5 Bd5 18. Qd3 Rac8 19. a3 h6 20. Nd4 Bc5 21.
Bf3 Bxd4 22. Rxc8 Rxc8 23. exd4 Qb7 24. Bxd5 Qxd5 25. Bc3 Qb3 26. Rc1 Nd5 27.
Qc2 Qc4 28. Qd1 Nf4 29. Rc2 a5 30. g3 Nh3+ 31. Kg2 Ng5 32. Rc1 Qd5+ 33. f3 Ra8
34. h4 Nh7 35. Qd2 a4 36. Bb4 Nf6 37. Rc5 Qd7 38. Qc3 Nd5 39. Qd2 Nb6 40. Qe3
Nc4 41. Qf4 Rc8 42. Rxc8+ Qxc8 43. Bc3 Nb6 44. Qc1 Qc4 45. Qf1 Qb3 46. Qc1 Nd5
47. Kf2 Qc4 48. Qf1 Qb3 49. Qc1 Qc4 50. Qf1 Qa2 51. Qe1 Qb3 52. Qc1 h5 53. Kg2
Qc4 54. Kf2 Qd3 55. Qd2 Qc4 56. Qe2 Qa2 57. Qe1 b4 58. Bxb4 Qxb2+ 59. Qd2 Nxb4
60. Qxb2 Nd3+ 0-1

[Event "4NCL/Div4b/HKF2 vs. FCA2"]
[Site "Telford ENG"]
[Date "2005.01.16"]
[Round "4.5"]
[White "Crombleholme, Alan K"]
[Black "Harbour, John"]
[Result "1-0"]
[WhiteElo "2098"]
[BlackElo "1935"]
[PlyCount "67"]
[EventDate "2005.01.16"]
[SourceDate "2004.09.21"]

1. Nf3 d6 2. d4 g6 3. c4 c5 4. Nc3 cxd4 5. Nxd4 Nc6 6. e4 Bg7 7. Nc2 Nf6 8. Be2
O-O 9. O-O Ne8 10. Bd2 f5 11. exf5 Bxf5 12. Ne3 Bd7 13. Bg4 Nf6 14. Bxd7 Qxd7
15. f4 Nd4 16. Kh1 Rf7 17. Ned5 Raf8 18. Nxf6+ Rxf6 19. Nd5 R6f7 20. Bc3 Nf5
21. Bxg7 Nxg7 22. Qd2 e5 23. Rf3 exf4 24. Rxf4 Rxf4 25. Nxf4 Qf5 26. Nh3 Qc5
27. b3 Re8 28. Re1 Re5 29. Ng1 Nf5 30. Nf3 Re3 31. Rxe3 Nxe3 32. b4 Nxc4 33.
bxc5 Nxd2 34. cxd6 1-0

[Event "4NCL/Div4b/HKF2 vs. FCA2"]
[Site "Telford ENG"]
[Date "2005.01.16"]
[Round "4.6"]
[White "Goldsworthy, Patrick"]
[Black "Spearman, David"]
[Result "0-1"]
[WhiteElo "1700"]
[BlackElo "2030"]
[PlyCount "56"]
[EventDate "2005.01.16"]
[SourceDate "2004.09.21"]

1. Nf3 d5 2. c4 c6 3. b3 Bg4 4. g3 e6 5. Bg2 Nf6 6. Bb2 Nbd7 7. O-O Be7 8. d3
O-O 9. Nbd2 Qb6 10. Qc2 Rfd8 11. Rfc1 Bh5 12. a3 a5 13. e4 dxe4 14. dxe4 Bc5
15. Rf1 Ng4 16. Nb1 Nxf2 17. Rxf2 Bxf2+ 18. Qxf2 Qxb3 19. Qe2 Nc5 20. Nc3 Rd3
21. Rc1 Rad8 22. Qf2 Bxf3 23. Bxf3 Rd2 24. Qxc5 Qxb2 25. Na2 Qxa2 26. Qxa5 Qb2
27. Rf1 Qd4+ 28. Kh1 Qxc4 0-1

[Event "4NCL/Div4b/BRJ vs. BCA"]
[Site "Telford ENG"]
[Date "2005.01.16"]
[Round "4.1"]
[White "Headlong, Timothy"]
[Black "Mordue, A Tyson"]
[Result "1/2-1/2"]
[WhiteElo "2213"]
[BlackElo "2288"]
[PlyCount "49"]
[EventDate "2005.01.16"]
[SourceDate "2004.09.21"]

1. Nf3 d6 2. d4 Nf6 3. c4 g6 4. Nc3 Bg7 5. e4 O-O 6. Be2 e5 7. d5 a5 8. Bg5 h6
9. Bh4 Na6 10. O-O Qe8 11. Ne1 h5 12. f3 Nh7 13. Nd3 Bh6 14. Bf2 Qe7 15. a3 Nc5
16. Nxc5 dxc5 17. Nb5 Rd8 18. b3 b6 19. Rb1 Ba6 20. Qc2 Nf6 21. Kh1 Ne8 22. Bd3
Nd6 23. Rbe1 Rf8 24. Qb2 Bg7 25. Nxd6 1/2-1/2

[Event "4NCL/Div4b/BRJ vs. BCA"]
[Site "Telford ENG"]
[Date "2005.01.16"]
[Round "4.2"]
[White "Ross, Chris"]
[Black "Haydon, Richard"]
[Result "1/2-1/2"]
[WhiteElo "2122"]
[BlackElo "2205"]
[PlyCount "82"]
[EventDate "2005.01.16"]
[SourceDate "2004.09.21"]

1. e4 g6 2. d4 Bg7 3. Nc3 d6 4. Be3 c6 5. Qd2 Nd7 6. Nf3 Qa5 7. Bd3 Ngf6 8. Bh6
O-O 9. O-O-O Qh5 10. Bxg7 Kxg7 11. Kb1 e5 12. Ne2 exd4 13. Nfxd4 Nc5 14. f3 Bd7
15. h4 Rae8 16. Rdg1 d5 17. g4 Qe5 18. f4 Nfxe4 19. Qe1 Qe7 20. h5 g5 21. fxg5
Nxd3 22. cxd3 Nxg5 23. Qc3 f6 24. Ng3 Qe5 25. Ngf5+ Bxf5 26. Nxf5+ Kh8 27. Qb4
Qc7 28. Re1 c5 29. Qa4 Re5 30. d4 Re4 31. Rxe4 Nxe4 32. dxc5 Qc6 33. Qxc6 bxc6
34. Nd4 Rc8 35. b4 Kg8 36. Kc2 Kf7 37. Rh3 a5 38. a3 Ke7 39. Rh1 Kd7 40. Kb3
Rg8 41. Rg1 Rb8 1/2-1/2

[Event "4NCL/Div4b/BRJ vs. BCA"]
[Site "Telford ENG"]
[Date "2005.01.16"]
[Round "4.3"]
[White "Richmond, Peter A"]
[Black "Burnell, Steve"]
[Result "1-0"]
[WhiteElo "2257"]
[BlackElo "2015"]
[PlyCount "69"]
[EventDate "2005.01.16"]
[SourceDate "2004.09.21"]

1. e4 c6 2. Ne2 d5 3. e5 Bf5 4. Ng3 Bg6 5. h4 h6 6. h5 Bh7 7. e6 fxe6 8. d4 Nf6
9. Bd3 Qd6 10. Bxh7 Rxh7 11. f4 Na6 12. c3 O-O-O 13. b4 Rh8 14. O-O g5 15. hxg6
h5 16. Qd3 h4 17. Ne2 Bg7 18. Nd2 Nh5 19. Nf3 Bf6 20. Ne5 Bxe5 21. fxe5 Qd7 22.
Bg5 Ng7 23. Rf7 Nf5 24. Rf1 Rde8 25. Nf4 Nc7 26. Rf3 Rhf8 27. Nxe6 Qxe6 28.
Qxf5 Rxf7 29. gxf7 Rf8 30. Bxe7 Qxf5 31. Rxf5 Ne6 32. Bxf8 Nxf8 33. Kh2 Kd7 34.
Kh3 Ke6 35. Rf6+ 1-0

[Event "4NCL/Div4b/BRJ vs. BCA"]
[Site "Telford ENG"]
[Date "2005.01.16"]
[Round "4.4"]
[White "Hilton, Steve"]
[Black "Bourne, Johnathan"]
[Result "1-0"]
[WhiteElo "1850"]
[BlackElo "2100"]
[PlyCount "61"]
[EventDate "2005.01.16"]
[SourceDate "2004.09.21"]

1. d4 Nf6 2. c4 e6 3. Nf3 c5 4. d5 exd5 5. cxd5 d6 6. Nc3 g6 7. Nd2 Bg7 8. Nc4
O-O 9. Bg5 Re8 10. e3 b6 11. Be2 Ba6 12. a4 Bxc4 13. Bxc4 Nbd7 14. O-O a6 15.
Qe2 Qc8 16. Bd3 h6 17. Bh4 Ra7 18. f4 c4 19. Bxc4 Ne4 20. Nxe4 Rxe4 21. Bd3 Rb4
22. Rac1 Qa8 23. Rc6 Rxb2 24. Qg4 Qe8 25. e4 f5 26. Qf3 Qf8 27. exf5 gxf5 28.
Qh5 Nc5 29. Bxf5 Rf7 30. Rc8 Rxf5 31. Qxf5 1-0

[Event "4NCL/Div4b/BRJ vs. BCA"]
[Site "Telford ENG"]
[Date "2005.01.16"]
[Round "4.5"]
[White "Cabero, Pablo Padilla"]
[Black "Gallagher, John"]
[Result "1/2-1/2"]
[WhiteElo "2015"]
[BlackElo "1890"]
[PlyCount "95"]
[EventDate "2005.01.16"]
[SourceDate "2004.09.21"]

1. e4 c5 2. a4 Nc6 3. Nf3 e6 4. d4 cxd4 5. Nxd4 Nf6 6. Nxc6 bxc6 7. Bd3 Be7 8.
O-O O-O 9. e5 Nd5 10. c3 d6 11. Qh5 g6 12. Qe2 dxe5 13. g3 Bf6 14. Na3 Qc7 15.
Bh6 Re8 16. h4 Nb6 17. Nc2 Rb8 18. h5 Nd5 19. Ne1 Bg7 20. Bxg7 Kxg7 21. Nf3 f6
22. Qe4 f5 23. Qxe5+ Qxe5 24. Nxe5 Rxb2 25. hxg6 hxg6 26. Nxc6 Nxc3 27. Rfc1
Ne2+ 28. Bxe2 Rxe2 29. Nxa7 Ba6 30. Rc7+ Kf6 31. Rd1 Re7 32. Rdd7 Rxd7 33. Rxd7
Ra2 34. Nb5 Rxa4 35. Nd4 Bc4 36. f4 Bd5 37. Ne2 Ra1+ 38. Kf2 Ra2 39. Rc7 g5 40.
fxg5+ Kxg5 41. Rg7+ Kf6 42. Rc7 Ra3 43. Nc3 Ke5 44. Ke2 Ra1 45. Kd2 Rg1 46. Ne2
Rb1 47. Nc3 Rb2+ 48. Ke3 1/2-1/2

[Event "4NCL/Div4b/BRJ vs. BCA"]
[Site "Telford ENG"]
[Date "2005.01.16"]
[Round "4.6"]
[White "Murphy, Richard LW"]
[Black "Tomboline, David"]
[Result "0-1"]
[WhiteElo "1725"]
[BlackElo "1990"]
[PlyCount "82"]
[EventDate "2005.01.16"]
[SourceDate "2004.09.21"]

1. e4 e6 2. d4 d5 3. Nc3 dxe4 4. Nxe4 Bd7 5. Nf3 Bc6 6. Ng3 Nd7 7. Be2 Bd6 8.
O-O Ngf6 9. c4 O-O 10. Bd2 a5 11. Bc3 b6 12. Qc2 Bxg3 13. hxg3 Ne4 14. Rad1
Nxc3 15. Qxc3 Nf6 16. Rfe1 Bb7 17. Bd3 Qd6 18. Qc2 h6 19. Ne5 Rad8 20. Qe2 Qe7
21. Bc2 Qb4 22. Qd3 Qe7 23. Ng4 g6 24. Ne5 Qe8 25. Qd2 Kg7 26. Qf4 Rd6 27. f3
Qd8 28. Kf2 Nh5 29. Qe3 Qg5 30. f4 Qf6 31. Rh1 Rfd8 32. Nf3 Bxf3 33. gxf3 Rxd4
34. Rxd4 Qxd4 35. Qxd4+ Rxd4 36. Ke3 Rxc4 37. Bb3 Rc5 38. g4 Nf6 39. Rd1 h5 40.
Kf2 hxg4 41. fxg4 Nxg4+ 0-1

[Event "4NCL/Div4b/MET vs. PONTY"]
[Site "Telford ENG"]
[Date "2005.01.16"]
[Round "4.1"]
[White "Noden, Nicolas"]
[Black "Saunders, W Nigel"]
[Result "1-0"]
[WhiteElo "2229"]
[BlackElo "2086"]
[PlyCount "79"]
[EventDate "2005.01.16"]
[SourceDate "2004.09.21"]

1. c4 e5 2. g3 Nc6 3. Bg2 g6 4. Nc3 Bg7 5. e4 d6 6. Nge2 Nge7 7. d3 O-O 8. O-O
f5 9. Be3 Be6 10. Qd2 Qd7 11. Nd5 Nd4 12. Nxe7+ Qxe7 13. Bxd4 exd4 14. exf5
Bxf5 15. Bxb7 Rab8 16. Bg2 Qd7 17. Rae1 Be5 18. Kh1 a5 19. b3 c6 20. f4 Bf6 21.
Ng1 Rb4 22. Nf3 Rfb8 23. Qc2 a4 24. Nd2 axb3 25. axb3 Kg7 26. Ra1 h5 27. Ra6
Rc8 28. Rfa1 Rc7 29. Ne4 Be7 30. Qb2 c5 31. Nf2 Qe6 32. Ne4 Qd7 33. R6a4 Rb6
34. b4 Kh6 35. b5 d5 36. Nf2 dxc4 37. dxc4 Qe6 38. Ra6 Rxa6 39. bxa6 Ra7 40.
Qb8 1-0

[Event "4NCL/Div4b/MET vs. PONTY"]
[Site "Telford ENG"]
[Date "2005.01.16"]
[Round "4.2"]
[White "Robinson, David"]
[Black "Calvert, D Ian"]
[Result "1/2-1/2"]
[WhiteElo "2036"]
[BlackElo "2034"]
[PlyCount "70"]
[EventDate "2005.01.16"]
[SourceDate "2004.09.21"]

1. e4 d5 2. d4 dxe4 3. Nc3 Nf6 4. Bg5 c6 5. f3 exf3 6. Nxf3 Bf5 7. Bc4 e6 8.
O-O Nbd7 9. Qe2 Qc7 10. Ne5 Nxe5 11. dxe5 Bc5+ 12. Kh1 Bg4 13. Qe1 Nd7 14. Ne4
Qxe5 15. Bf4 Qd4 16. Bb3 O-O-O 17. c3 Qd3 18. Nxc5 Nxc5 19. Qe5 Na6 20. Qxg7
Qg6 21. Qe5 Qf5 22. Bg3 Qxe5 23. Bxe5 Rhe8 24. Rxf7 Rd7 25. Raf1 Bf5 26. Rf6
Nc5 27. Bd4 Nxb3 28. axb3 b6 29. Re1 Rg8 30. b4 Rg6 31. Rf8+ Rd8 32. Rxd8+ Kxd8
33. Kg1 Kc8 34. Kf2 Rg8 35. Re3 Kd7 1/2-1/2

[Event "4NCL/Div4b/MET vs. PONTY"]
[Site "Telford ENG"]
[Date "2005.01.16"]
[Round "4.3"]
[White "Dunn, Alan"]
[Black "Gwynne, David"]
[Result "1-0"]
[WhiteElo "2056"]
[BlackElo "2005"]
[PlyCount "53"]
[EventDate "2005.01.16"]
[SourceDate "2004.09.21"]

1. e4 e5 2. Nf3 f5 3. Nxe5 Nf6 4. Nc3 d6 5. Nc4 fxe4 6. d4 Be7 7. Be2 O-O 8.
O-O Bd7 9. Bg5 Bf5 10. f3 Nbd7 11. Qd2 Bg6 12. Rae1 c6 13. d5 Nxd5 14. Bxe7
Qxe7 15. Nxd5 cxd5 16. Qxd5+ Kh8 17. Qxd6 Qe8 18. fxe4 Rxf1+ 19. Bxf1 Nf6 20.
Bd3 Rd8 21. Qf4 b5 22. Ne5 Qe6 23. Nxg6+ hxg6 24. Qh4+ Kg8 25. e5 Qb6+ 26. Kh1
Nh5 27. Bxg6 1-0

[Event "4NCL/Div4b/MET vs. PONTY"]
[Site "Telford ENG"]
[Date "2005.01.16"]
[Round "4.4"]
[White "White, Ian G"]
[Black "Djabri, Zafer M"]
[Result "1-0"]
[WhiteElo "2033"]
[BlackElo "2072"]
[PlyCount "73"]
[EventDate "2005.01.16"]
[SourceDate "2004.09.21"]

1. e4 c5 2. c3 Nf6 3. e5 Nd5 4. d4 cxd4 5. cxd4 e6 6. Nf3 Nc6 7. Bc4 d6 8. O-O
Be7 9. a3 O-O 10. Qe2 Qc7 11. Nbd2 Nf4 12. Qe3 Ng6 13. Re1 b6 14. Bd3 Bb7 15.
h4 dxe5 16. dxe5 Bc5 17. Qg5 Rad8 18. Be4 f5 19. exf6 Rxf6 20. h5 Nf4 21. Nc4
Nd3 22. Bxd3 Rxd3 23. b4 Nd4 24. Nfe5 Nc2 25. Nxd3 Nxe1 26. Bf4 Bxf2+ 27. Nxf2
Qxc4 28. Be5 Rf7 29. Rxe1 h6 30. Qg3 a5 31. bxa5 bxa5 32. Ng4 Kh7 33. Nxh6 Qc5+
34. Kh2 Rd7 35. Qg6+ Kh8 36. Qe8+ Kh7 37. Qxd7 1-0

[Event "4NCL/Div4b/MET vs. PONTY"]
[Site "Telford ENG"]
[Date "2005.01.16"]
[Round "4.5"]
[White "Syed, Nayeem"]
[Black "Lobo, Richard"]
[Result "1/2-1/2"]
[WhiteElo "1950"]
[BlackElo "1914"]
[PlyCount "72"]
[EventDate "2005.01.16"]
[SourceDate "2004.09.21"]

1. b4 Nf6 2. Bb2 e6 3. a3 d5 4. e3 Nbd7 5. c4 c6 6. Nf3 b6 7. Qc2 Bb7 8. Nc3
Be7 9. Be2 Qc7 10. Rc1 Rc8 11. Qb3 Qb8 12. Nd4 dxc4 13. Bxc4 O-O 14. O-O c5 15.
Nde2 cxb4 16. axb4 Ne5 17. d3 Nfg4 18. Ng3 h5 19. h3 Nxc4 20. hxg4 Nd2 21. Qa4
Nxf1 22. Rxf1 Bf6 23. Qa1 hxg4 24. Nh5 Bxc3 25. Bxc3 f6 26. Bxf6 gxf6 27. Nxf6+
Kf7 28. Nd7 Qd6 29. Qf6+ Ke8 30. Nxf8 Qxf8 31. Qxe6+ Kd8 32. Qxg4 Rc7 33. Ra1
Ba8 34. Qd4+ Rd7 35. Qh4+ Kc8 36. Qh3 Kd8 1/2-1/2

[Event "4NCL/Div4b/MET vs. PONTY"]
[Site "Telford ENG"]
[Date "2005.01.16"]
[Round "4.6"]
[White "Davies, James"]
[Black "Cooke, Charlie"]
[Result "0-1"]
[WhiteElo "1367"]
[BlackElo "1840"]
[PlyCount "36"]
[EventDate "2005.01.16"]
[SourceDate "2004.09.21"]

1. d4 d5 2. e3 e6 3. Nf3 c5 4. c3 Nf6 5. Be2 Nc6 6. O-O Bd6 7. h3 O-O 8. Qc2
Bd7 9. Nbd2 Rc8 10. e4 cxd4 11. Nxd4 Nxd4 12. Qd3 Nxe2+ 13. Qxe2 Nxe4 14. Qe3
Bc5 15. Qf3 Nxd2 16. Bxd2 Qf6 17. Qg3 h6 18. Rae1 Bb5 0-1

[Event "4NCL/Div4b/SLOS3 vs. WWKS2"]
[Site "Telford ENG"]
[Date "2005.01.16"]
[Round "4.1"]
[White "Cox, Tristan"]
[Black "Hunt, Malcolm A"]
[Result "1-0"]
[WhiteElo "2057"]
[BlackElo "2143"]
[PlyCount "93"]
[EventDate "2005.01.16"]
[SourceDate "2004.09.21"]

1. Nf3 d5 2. c4 c6 3. d4 Nf6 4. e3 a6 5. Nc3 b5 6. c5 Bg4 7. Qb3 Nbd7 8. a4
Bxf3 9. gxf3 e5 10. Qa3 b4 11. Qxb4 Rb8 12. Qa3 a5 13. Bd2 g6 14. Nb5 cxb5 15.
axb5 Be7 16. Bxa5 Qc8 17. Bh3 exd4 18. exd4 O-O 19. O-O Rxb5 20. Qa4 Qc6 21.
Rfe1 Bxc5 22. Bf1 Rb6 23. Qxc6 Rxc6 24. dxc5 Nxc5 25. Rac1 Ra8 26. Bb4 Rac8 27.
Ba3 Ne6 28. Rxc6 Rxc6 29. b4 Nd4 30. Rc1 Rxc1 31. Bxc1 Nd7 32. Kg2 Kf8 33. f4
Ke7 34. Bd3 Kd6 35. Kg3 f5 36. Kh4 Nf3+ 37. Kg3 Nd4 38. Bb2 Ne6 39. Kf3 Nb6 40.
Bb5 Nc4 41. Bf6 Nc7 42. Bxc4 dxc4 43. Be5+ Kc6 44. Bxc7 Kxc7 45. Ke3 Kc6 46.
Kd4 Kb5 47. Kc3 1-0

[Event "4NCL/Div4b/SLOS3 vs. WWKS2"]
[Site "Telford ENG"]
[Date "2005.01.16"]
[Round "4.2"]
[White "Lloyd, Alan D"]
[Black "Nelson, Omowale"]
[Result "0-1"]
[WhiteElo "2140"]
[BlackElo "2094"]
[PlyCount "72"]
[EventDate "2005.01.16"]
[SourceDate "2004.09.21"]

1. c4 e5 2. Nc3 Nc6 3. g3 g6 4. Bg2 Bg7 5. d3 f5 6. e3 d6 7. Nge2 Nf6 8. O-O
O-O 9. Rb1 Be6 10. Nd5 g5 11. f4 h6 12. b4 Rb8 13. Nec3 Ne7 14. b5 Nexd5 15.
cxd5 Bd7 16. a4 Qe7 17. fxg5 hxg5 18. a5 Bh6 19. Rb4 Qh7 20. Rc4 Ne8 21. Qb3
Rc8 22. b6 cxb6 23. Rxc8 Bxc8 24. axb6 a6 25. Qc4 Bd7 26. Bd2 g4 27. Bc1 Bg5
28. Nd1 Qh6 29. Qc3 Kh7 30. d4 e4 31. Rf2 Nf6 32. Qb3 Rc8 33. Bd2 Qf8 34. Nc3
Qd8 35. Qb4 Be8 36. Na4 Bf7 0-1

[Event "4NCL/Div4b/SLOS3 vs. WWKS2"]
[Site "Telford ENG"]
[Date "2005.01.16"]
[Round "4.3"]
[White "Purton, Ben J"]
[Black "Fallowfield, Nicholas"]
[Result "1-0"]
[WhiteElo "2085"]
[BlackElo "2045"]
[PlyCount "59"]
[EventDate "2005.01.16"]
[SourceDate "2004.09.21"]

1. e4 Nf6 2. e5 Nd5 3. Nf3 d6 4. exd6 cxd6 5. d4 g6 6. a3 Bg7 7. Bd3 O-O 8. O-O
e5 9. c4 Nb6 10. dxe5 dxe5 11. Qc2 Bg4 12. Nbd2 Nc6 13. h3 Bxf3 14. Nxf3 Qc7
15. Be3 Rac8 16. Rac1 Rfd8 17. Rfd1 Nd7 18. c5 h6 19. Bc4 Ne7 20. b4 a5 21. Qb3
Rf8 22. g4 axb4 23. axb4 e4 24. Nd4 Ne5 25. Kg2 Nxc4 26. Qxc4 Nc6 27. Nb5 Qe7
28. Nd6 Ra8 29. b5 Ne5 30. Qxe4 1-0